A Megyeházán rendezték meg a 2. Csatári Bálint konferenciát

Elmentve itt :
Bibliográfiai részletek
Dokumentumtípus: Cikk
Megjelent: 2022-10-13
Sorozat:Keol.hu
Kulcsszavak:Konferencia - Csatári Bálint Konferencia - 2., Pályázat - Csatári Bálint diplomamunka- és szakdolgozat-pályázat, Végzett egyetemi hallgató - Konc Klementina - első hely, Végzett egyetemi hallgató - Sánta Barbara - harmadik hely, Klímaváltozás, Előadás - Rakonczai János - egyetemi tanár, Geoinformatikai, Természet- és Környezetföldrajzi Tanszék, Földrajzi és Földtudományi Intézet, Természettudományi és Informatikai Kar - TTIK
Online Access:http://univ.bibl.u-szeged.hu/63929
LEADER 01098nab a2200157 i 4500
001 univ63929
005 20221018115750.0
008 221014s2022 hu o 0|| hun d
040 |a SZTE UnivHistória Repozitórium  |b hun 
041 |a hun 
245 0 2 |a A Megyeházán rendezték meg a 2. Csatári Bálint konferenciát  |h [elektronikus dokumentum] 
260 |c 2022-10-13 
490 0 |a Keol.hu 
561 |a Egyetemi hirarchívum 
695 |a Konferencia - Csatári Bálint Konferencia - 2., Pályázat - Csatári Bálint diplomamunka- és szakdolgozat-pályázat, Végzett egyetemi hallgató - Konc Klementina - első hely, Végzett egyetemi hallgató - Sánta Barbara - harmadik hely, Klímaváltozás, Előadás - Rakonczai János - egyetemi tanár, Geoinformatikai, Természet- és Környezetföldrajzi Tanszék, Földrajzi és Földtudományi Intézet, Természettudományi és Informatikai Kar - TTIK 
856 4 0 |u http://univ.bibl.u-szeged.hu/63929/1/Kecskem%C3%A9t%20Online%20-%20A%20Megyeh%C3%A1z%C3%A1n%20rendezt%C3%A9k%20meg%20a%20II.%20Csat%C3%A1ri%20B%C3%A1lint%20konferenci%C3%A1t.pdf  |z Dokumentum-elérés